Situación actual y prospectiva de los programas de acción cívica y bienestar del marino desarrollados por la Armada de República Dominicana (2012-2018) / (Registro nro. 4730)
[ vista simple ]
| 000 -CABECERA | |
|---|---|
| campo de control de longitud fija | 01891nam a22002417a 4500 |
| 003 - IDENTIFICADOR DEL NÚMERO DE CONTROL | |
| campo de control | DO-SdBJH |
| 005 - FECHA Y HORA DE LA ÚLTIMA TRANSACCIÓN | |
| campo de control | 20191121195023.0 |
| 008 - DATOS DE LONGITUD FIJA--INFORMACIÓN GENERAL | |
| campo de control de longitud fija | 180822b ||||| |||| 00| 0 spa d |
| 040 ## - FUENTE DE LA CATALOGACIÓN | |
| Centro catalogador/agencia de origen | DO-SdBJH |
| Lengua de catalogación | spa |
| Centro/agencia transcriptor | DO-SdBJH |
| 090 ## - LOCALMENTE ASIGNADO TIPO-LC NÚMERO DE CLASIFICACIÓN (OCLC); NÚMERO DE CLASIFICACIÓN LOCAL (RLIN) | |
| Número de clasificación (OCLC) (R) ; Numero de clasificación, CALL (RLIN) (NR) | TG EGCEMN |
| Número cutter local (OCLC) ; Número de libro/Signatura topográfica íntegra, CALL (RLIN) | 01274 2017 |
| 100 1# - ENTRADA PRINCIPAL--NOMBRE DE PERSONA | |
| Nombre de persona | Hernández Javier, José Luis |
| Término indicativo de función/relación | sustentante |
| 245 10 - MENCIÓN DE TÍTULO | |
| Título | Situación actual y prospectiva de los programas de acción cívica y bienestar del marino desarrollados por la Armada de República Dominicana (2012-2018) / |
| Mención de responsabilidad, etc. | José Luis Hernández Javier, asesor Radhamés Vega Domínguez |
| 260 ## - PUBLICACIÓN, DISTRIBUCIÓN, ETC. | |
| Lugar de publicación, distribución, etc. | Santo Domingo Este : |
| Nombre del editor, distribuidor, etc. | INSUDE, |
| Fecha de publicación, distribución, etc. | 2017 |
| 300 ## - DESCRIPCIÓN FÍSICA | |
| Extensión | xv, 84 páginas, ilustraciones-organigrama-tabla-gráficos |
| 502 ## - NOTA DE TESIS | |
| Nota de tesis | Tesis (Especialidad de Comando y Estado Mayor Naval) -- Instituto Superior para la Defensa (INSUDE). – Escuela de Graduados de Comando y Estado Mayor Naval, 2017. |
| 504 ## - NOTA DE BIBLIOGRAFÍA, ETC. | |
| Nota de bibliografía, etc. | Incluye referencias bibliográficas e índices |
| 505 ## - NOTA DE CONTENIDO CON FORMATO | |
| Nota de contenido con formato | Bases doctrinales, marco legal y dependencias vinculadas a los programas de acción cívica y bienestar del personal en la Armada de República Dominicana. -- Resultados y experiencias extraifas de los programas de accion civica y bienestar del marino desarrollados por la Armada de República Dominicana en la actualidad. -- Debilidades y limitaciones para el desarrollo de los programas de acción cívica y bienestar del marino en la Armada de República Dominicana. -- Propuesta para el fortalecimiento de los programas de acción cívica y bienestar del marino desarrollados por la Armada de República Dominicana |
| 650 #4 - PUNTO DE ACCESO ADICIONAL DE MATERIA--TÉRMINO DE MATERIA | |
| Término de materia o nombre geográfico como elemento de entrada | Fortalecimiento de programa de acción cívica -- Asistencia social (propuesta) |
| 651 #4 - PUNTO DE ACCESO ADICIONAL DE MATERIA--NOMBRE GEOGRÁFICO | |
| Nombre geográfico | República Dominicana. Armada -- Acción cívica |
| 700 1# - PUNTO DE ACCESO ADICIONAL--NOMBRE DE PERSONA | |
| Nombre de persona | Vega Domínguez, Radhamés |
| Término indicativo de función/relación | asesor |
| 830 ## - PUNTO DE ACCESO ADICIONAL DE SERIE-TÍTULO UNIFORME | |
| Título uniforme | INSUDE. Escuela de Graduados de Comando y Estado Mayor Naval. Tesis y disertaciones académicas |
| 942 ## - ELEMENTOS DE PUNTO DE ACCESO ADICIONAL (KOHA) | |
| Fuente del sistema de clasificación o colocación | Dewey Decimal Classification |
| Tipo de ítem Koha | Tesis |
| Estado de retiro | Estado de pérdida | Fuente del sistema de clasificación o colocación | Estado dañado | No para préstamo | Código de colección | Localización permanente | Ubicación/localización actual | Fecha de adquisición | Número de inventario | Total de préstamos | Signatura topográfica completa | Código de barras | Fecha visto por última vez | Número de copia | Precio válido a partir de | Tipo de ítem Koha |
|---|---|---|---|---|---|---|---|---|---|---|---|---|---|---|---|---|
| Dewey Decimal Classification | Préstamo Interno | Trabajos de Grado e Investigción | SIBM UNADE - Biblioteca Sede Central | SIBM UNADE - Biblioteca Sede Central | 08/22/2018 | 17-01274 | TG EGCEMN 01274 2017 | 17-01274 | 10/06/2018 | e.1 | 08/22/2018 | Tesis |
